000 00811ngm a2200241 a 4500
005 20220316235752.0
008 121119s1997 ck 025 g s00 vuspa
020 _a9580803161
041 0 _aspa
082 0 4 _a510.071 F67
245 0 3 _aLa forma de las cosas por venir
_hvideograbación
250 _aPrimera edición
300 _a1 videocasete (apróximadamente 25 minutos)
_csonido, color
650 1 4 _aMatemáticas
_xEnseñanza Elemental
_vVideocasetes
_2LEMB
650 1 4 _aGeometría diferencial
_vVideocasetes
_2LEMB
650 1 4 _aCurvas
_vVideocasetes
_2LEMB
942 _2ddc
_cVIDEOCASET
264 _aBogotá
_bCírculo de Lectores
_c[1997]
336 _atexto
_btxt
_2rdacontent
337 _asin mediación
_bn
_2rdamedia
338 _avolumen
_bnc
_2rdacarrier
040 _aCO-BoRNBP
_bspa
_erda
_cCO-BoRNBP
999 _c2099
_d2099